000 00425nam a22001577a 4500
999 _c3639
_d3639
008 200623b ||||| |||| 00| 0 eng d
082 0 0 _a623.8
_bR1167
100 _92030
_aRabl, S. S.
245 1 0 _aPractical principles of naval architecture
_cby S.S. Rabl
250 _a1st ed.
260 _aNew York
_bCornel maritime press
_c1942.
300 _aviii,218p.
365 _d11.25
650 0 _aNaval Architecture
942 _cBK